00386nam a2200157Ia 4500008004100000020001400041245002300055245005300078260001500131260001600146260000900162300001400171300002500185300001000210500000800220170705s9999 xx 000 0 und d a590441892 4aThe talking eggs / cRobert D. San Souci ; pictures by Jerry Pinkney. aNew York : bScholastic, c1989 aunpaged : bcolor illustration ; c23cm. a940